00579cam a22002054a 4500001000800000005001700008008004100025010001700066020001500083040002300098041000800121042000800129060002300137080001500160082001900175100000600194101000800200245011400208504005100322121283220180109082444.0990122s1999 nyua bf 001 0 eng c a 99019075  a0443076510 aDNLM/DLCcDLCdDLC aeng apcc10aWT 166bG3697 1999 a618.97 KAU00a618.97 KAU221 a8 aEKZ00aGeriatric rehabilitation manual /ceditor, Timothy L. Kauffman ; associate editors, Osa Jackson ... [et al.]. aIncludes bibliographical references and index.